000 00785cam a2200229 4500500
005 20260111080411.0
041 _afre
042 _adc
100 1 0 _aRiskwait, Mirza
_eauthor
245 0 0 _aLes nouveaux enjeux de la fiscalité ultra-marine
260 _c2020.
500 _a53
690 _acollectivités d’outre-mer
690 _adroits de douane
690 _afiscalité du numérique
690 _afiscalité environnementale
690 _afiscalité locale
690 _afiscalité ultra-marine
690 _ataxe générale sur la consommation
786 0 _nGestion & Finances Publiques | 2 | 2 | 2020-04-29 | p. 54-58 | 1969-1009
856 4 1 _uhttps://droit.cairn.info/revue-gestion-et-finances-publiques-2020-2-page-54?lang=fr&redirect-ssocas=7080
999 _c1616261
_d1616261